| 000 | 00359nam a2200145Ia 4500 | ||
|---|---|---|---|
| 008 | 230917s9999||||xx |||||||||||||| ||und|| | ||
| 040 |
_e160465 _aMAIN |
||
| 041 | _aEnglish | ||
| 082 | _a647.94 C764T | ||
| 100 | _aConran, Terence | ||
| 245 | 0 | _aTerence Conran on restaurants | |
| 260 |
_aNew York _bOverlook Press _c2000 |
||
| 300 | _a192 p. | ||
| 942 | _cBK | ||
| 999 |
_c135784 _d135784 |
||